<?xml version="1.0" encoding="UTF-8"?><?xml-stylesheet type="text/xsl" href="static/style.xsl"?><OAI-PMH xmlns="http://www.openarchives.org/OAI/2.0/" xmlns:xsi="http://www.w3.org/2001/XMLSchema-instance" xsi:schemaLocation="http://www.openarchives.org/OAI/2.0/ http://www.openarchives.org/OAI/2.0/OAI-PMH.xsd"><responseDate>2026-04-17T01:41:38Z</responseDate><request verb="GetRecord" identifier="oai:www.recercat.cat:10230/21136" metadataPrefix="marc">https://recercat.cat/oai/request</request><GetRecord><record><header><identifier>oai:recercat.cat:10230/21136</identifier><datestamp>2025-12-13T20:52:36Z</datestamp><setSpec>com_2072_6</setSpec><setSpec>col_2072_452954</setSpec></header><metadata><record xmlns="http://www.loc.gov/MARC21/slim" xmlns:dcterms="http://purl.org/dc/terms/" xmlns:xsi="http://www.w3.org/2001/XMLSchema-instance" xmlns:doc="http://www.lyncode.com/xoai" xsi:schemaLocation="http://www.loc.gov/MARC21/slim http://www.loc.gov/standards/marcxml/schema/MARC21slim.xsd">
   <leader>00925njm 22002777a 4500</leader>
   <datafield ind2=" " ind1=" " tag="042">
      <subfield code="a">dc</subfield>
   </datafield>
   <datafield ind2=" " ind1=" " tag="720">
      <subfield code="a">Domingo Espinós, Júlia, 1991-</subfield>
      <subfield code="e">author</subfield>
   </datafield>
   <datafield ind2=" " ind1=" " tag="260">
      <subfield code="c">2013-09-30T15:15:22Z</subfield>
   </datafield>
   <datafield ind2=" " ind1=" " tag="260">
      <subfield code="c">2013-09-30T15:15:22Z</subfield>
   </datafield>
   <datafield ind2=" " ind1=" " tag="260">
      <subfield code="c">2013-09-30</subfield>
   </datafield>
   <datafield ind2=" " ind1=" " tag="520">
      <subfield code="a">Treball de fi de grau en Biologia Humana</subfield>
   </datafield>
   <datafield ind2=" " ind1=" " tag="520">
      <subfield code="a">Supervisors: Jordi Garcia Ojalvo i/nElena Abad</subfield>
   </datafield>
   <datafield ind2=" " ind1=" " tag="520">
      <subfield code="a">Multiple Sclerosis is the most common non-traumatic cause of neurological/ndisability in young people. There is no cure yet, and until recently, few long-term/ntherapies existed. Interferon beta (IFNβ) was the first treatment, and remains the most/ncommonly prescribed. One of the most significant problems of IFNβ therapy is the/nproduction of drug specific antibodies. Up to 45% of patients develop neutralizing/nantibodies (NAbs) to IFNβ products. The neutralizing antibody binds to the biological/nagent preventing its interaction with its receptor, inhibiting the biological action of the/nprotein, which abrogates the clinical efficacy of IFNβ treatment. Interferon-beta/nmediates its response by binding to its high affinity cell surface receptor and initiating/nthe JAK/STAT signalling cascade. In this project we have analyzed the IFNβ signaling/npathway in macrophages when neutralizing antibodies are present. The response to/nthis pathway after IFNβ stimulation shows a transient oscillatory rhythm of STAT1/nphosphorylation, which varies as NAbs concentration increases. To improve our/nunderstanding of that behavior, we extended an existing mathematical model based on/nnonlinear ordinary differential equations of JAK/STAT pathway by including IFN-NAb/nassociation and IFN-activation receptor. Combining our theoretical model with/nexperimental data we could study the role of neutralizing antibodies on the molecular/nresponse and determine its lifetime after cytokine stimulation.</subfield>
   </datafield>
   <datafield tag="653" ind2=" " ind1=" ">
      <subfield code="a">Esclerosi múltiple</subfield>
   </datafield>
   <datafield tag="653" ind2=" " ind1=" ">
      <subfield code="a">Treball de fi de grau -- Curs 2012-2013</subfield>
   </datafield>
   <datafield ind2="0" ind1="0" tag="245">
      <subfield code="a">Neutralizing antibodies in Multiple Sclerosis a model-based analysis of Interferon beta signaling pathway in macrophages</subfield>
   </datafield>
</record></metadata></record></GetRecord></OAI-PMH>